Tipi da libreria : [piccola enciclopedia degli appassionati di libri] /

محفوظ في:
التفاصيل البيبلوغرافية
المؤلف الرئيسي: Bythell, Shaun (مؤلف)
مؤلفون آخرون: Ferloni, Nicola (المترجم)
التنسيق: كتاب
اللغة:الإيطالية
منشور في: Milano : Vallardi, 2021
الوسوم: إضافة وسم
لا توجد وسوم, كن أول من يضع وسما على هذه التسجيلة!

MARC

LEADER 00000nam a22000007i 4500
001 IT\ICCU\MIL\1007921
003 ItRI
005 20250723175056.0
008 211129s2021 it |||||| ||||| |||||c
020 |a 9788855055475 
020 |a 9788855058551 
040 |b ita  |c Arcigay Viterbo 
041 7 |a ita  |2 ISO-639-2 
082 |a 823.92  |2 23 
100 1 |a Bythell, Shaun  |0 IT\ICCU\RAVV\688981  |4 aut 
240 1 0 |a Seven kinds of people you find in bookshops  |9 Bythell, Shaun 
245 1 0 |a Tipi da libreria :  |b [piccola enciclopedia degli appassionati di libri] /  |c Shaun Bythell ; traduzione di Nicola Ferloni. 
260 |a Milano :  |b Vallardi,  |c 2021 
300 |a 124 p. ;  |c 21 cm 
700 1 |a Ferloni, Nicola  |0 IT\ICCU\MODV\673128  |4 trl 
942 |2 ddc  |c BK 
952 |0 0  |1 0  |2 ddc  |4 0  |6 823_920000000000000_BYT_TIP  |7 0  |9 9295  |a VT  |b VT  |d 2025-07-23  |e Dono di Lorenzo Abbate  |i B33  |l 0  |o 823.92 BYT TIP  |p B33  |r 2025-07-23 17:55:21  |w 2025-07-23  |y BK 
981 1 |6 z01  |a i   |b xxxe  
982 1 |6 z01  |a n 
999 |c 7769  |d 7769